MARC

LEADER 00000nam0a2200000 4500
001 255633
005 20231101233037.0
035 |a (RuTPU)RU\TPU\book\278149 
090 |a 255633 
100 |a 20140331d1951 m y0rusy50 ca 
101 0 |a rus 
102 |a RU 
105 |a a j 001zy 
200 1 |a Горная геометрия  |e учебное пособие  |f И. Н. Ушаков 
205 |a 2-е изд., перераб. и доп. 
210 |a Москва  |a Ленинград  |c Углетехиздат  |d 1951 
215 |a 456 с.  |c ил. 
320 |a Библиогр.: с. 448-449. 
606 1 |a Геометрия недр  |2 stltpush  |3 (RuTPU)RU\TPU\subj\6186  |9 34127 
610 1 |a проекции 
610 1 |a применение 
610 1 |a горная геометрия 
610 1 |a пластовые месторождения 
610 1 |a залегание 
610 1 |a полезные ископаемые 
610 1 |a выработки 
610 1 |a уравнения 
610 1 |a складчатая форма 
610 1 |a смещение 
610 1 |a топографические поверхности 
610 1 |a исследование 
610 1 |a структурные планы 
610 1 |a запасы 
610 1 |a подсчет 
610 1 |a способы 
610 1 |a маркшейдерский контроль 
610 1 |a учебные пособия 
675 |a 622.142.5(075.8)  |v 3 
700 1 |a Ушаков  |b И. Н.  |g Иван Николаевич 
801 1 |a RU  |b 63413507  |c 20140331 
801 2 |a RU  |b 63413507  |c 20151102  |g RCR 
942 |c BK